Gestion opérationnelle des équipes : (Record no. 45597)

MARC details
000 -LEADER
fixed length control field 00712 a2200277 4500
003 - CONTROL NUMBER IDENTIFIER
control field 00
005 - DATE AND TIME OF LATEST TRANSACTION
control field 20170921140935.0
008 - FIXED-LENGTH DATA ELEMENTS--GENERAL INFORMATION
fixed length control field 170921b xxu||||| |||| 00| 0 eng d
020 ## - NUMERO INTERNATIONAL NORMALISE DES LIVRES
International Standard Book Number 2 10 048843 0
037 ## - SOURCE OF ACQUISITION
Source of stock number/acquisition 1, CIUF
037 ## - SOURCE OF ACQUISITION
Stock number 07/234
040 ## - SOURCE DU CATALOGAGE
Original cataloging agency BUAC
Transcribing agency BUC
041 ## - CODE DE LANGUE
Language code of text/sound track or separate title Fre
100 ## - VEDETTE PRINCIPALE - NOM DE PERSONNE
Personal name Seguin, Gérard
100 ## - VEDETTE PRINCIPALE - NOM DE PERSONNE
Language of a work Fr
245 ## - TITLE STATEMENT
Title Gestion opérationnelle des équipes :
Remainder of title la boite à outils
Statement of responsibility, etc / par Gérard,Seguin
260 ## - PUBLICATION, DISTRIBUTION, ETC. (IMPRINT)
Place of publication, distribution, etc Paris
260 ## - PUBLICATION, DISTRIBUTION, ETC. (IMPRINT)
Name of publisher, distributor, etc Dunod
260 ## - PUBLICATION, DISTRIBUTION, ETC. (IMPRINT)
Date of publication, distribution, etc 2005
300 ## - PHYSICAL DESCRIPTION
Extent 301 p
Other physical details 23 cm.
500 ## - GENERAL NOTE
General note Bibliogr. pp. (295 -297)<br/>Index. pp.(299 - 301)
630 ## - SUBJECT ADDED ENTRY--UNIFORM TITLE
Uniform title SCIENCES APPLIQUEES
650 ## - SUBJECT ADDED ENTRY--TOPICAL TERM
Topical term or geographic name as entry element Ressources humaines : des équipes
942 ## - ADDED ENTRY ELEMENTS (KOHA)
Koha item type Livre
Holdings
Withdrawn status Lost status Damaged status Not for loan Location (home branch) Sublocation or collection (holding branch) Date acquired Koha issues (times borrowed) Koha full call number Koha date last seen Price effective from Koha item type Shelving location Source of acquisition Coded location qualifier Piece designation (barcode) Copy number
        Bibliothèque Universitaire Centrale Bibliothèque Universitaire Centrale 28/02/2009   658 SEG 28/02/2009 28/02/2009 Livre          
        Bibliothèque Universitaire Centrale Bibliothèque Universitaire Centrale 21/09/2017   658 SEG 21/09/2017 21/09/2017 Libre Accès   CIUF 06/180 06-180Buc 2


© 2008, Bibliothèques de l'Université d'Abomey-Calavi

04 BP 789 Cotonou, Tél. : +229 21 36 01 01, Fax : +229 21 35 06 32

Courriel : bu@bu.uac.bj